Toutes les communes du Gers de plus de 1 000 habitants sur une carte - Statistiques

Statistiques générales
  • Ce quiz a été pris 51 fois
  • Le résultat moyen est 17 sur 34
Réponses sur la Carte
Les réponses sont colorées sur une échelle allant du rouge au vert en fonction du pourcentage des utilisateurs qui les ont devinées à leur premier essai. Vous pouvez retrouver ces pourcentages ci-dessous.
 
Statistiques - réponses
Population Ville % Correct
23 041 Auch
100%
6 466 Condom
92%
3 454 Mirande
92%
9 324 L'Isle-Jourdain
84%
3 581 Vic-Fezensac
71%
6 012 Fleurance
68%
2 429 Samatan
66%
4 014 Eauze
63%
3 055 Gimont
63%
2 161 Nogaro
58%
2 510 Pavie
58%
3 690 Lectoure
55%
2 143 Lombez
55%
2 239 Mauvezin
53%
1 125 Miélan
50%
1 358 Barcelonne-du-Gers
47%
1 702 Riscle
47%
1 206 Marciac
45%
1 524 Masseube
42%
1 657 Pujaudran
39%
1 662 Cazaubon
34%
1 180 Montréal
34%
1 421 Plaisance
34%
1 123 Aubiet
32%
1 186 Castelnau d'Auzan Labarrère
32%
1 173 Jegun
32%
1 099 Seissan
32%
1 039 Castéra-Verduzan
29%
1 170 Le Houga
29%
1 222 Preignan
29%
1 151 Ségoufielle
29%
1 127 Valence-sur-Baïse
29%
1 184 Gondrin
26%
1 048 Saint-Clar
26%
Aucun quiz correspondant
Distribution des résultats
% des personnes avec chaque résultat
Percentile par nombre de réponses
Votre historique - résultats
Vous n’avez pas pris ce quiz